UBT Library

The best of the best from Campaigns & elections : (Record no. 41624)

000 -LEADER
fixed length control field 00791cam a2200241 a 4500
001 - CONTROL NUMBER
control field 1202150
005 - DATE AND TIME OF LATEST TRANSACTION
control field 20180202050459.0
008 - FIXED-LENGTH DATA ELEMENTS--GENERAL INFORMATION
fixed length control field 980107s1998 iau 000 0 eng
010 ## - LIBRARY OF CONGRESS CONTROL NUMBER
LC control number 98101705
020 ## - INTERNATIONAL STANDARD BOOK NUMBER
International Standard Book Number 0787243892
040 ## - CATALOGING SOURCE
Original cataloging agency DLC
Transcribing agency DLC
Modifying agency DLC
041 ## - LANGUAGE CODE
Language code of text/sound track or separate title eng
043 ## - GEOGRAPHIC AREA CODE
Geographic area code n-us---
080 ## - UNIVERSAL DECIMAL CLASSIFICATION NUMBER
Universal Decimal Classification number 324.70973 RON
082 00 - DEWEY DECIMAL CLASSIFICATION NUMBER
Classification number 324.70973 RON
Edition number 21
100 ## - Rafti
Rafti 20
101 ## - Shkurtesa
Shkurtesa POL
245 04 - TITLE STATEMENT
Title The best of the best from Campaigns & elections :
Statement of responsibility, etc edited by Ron Faucheux.
246 30 - VARYING FORM OF TITLE
Title proper/short title Road to victory 2000
906 ## - LOCAL DATA ELEMENT F, LDF (RLIN)
a 7
b cbc
c orignew
d 2
e ncip
f 19
g y-gencatlg
942 ## - ADDED ENTRY ELEMENTS (KOHA)
Source of classification or shelving scheme
Item type Books
Holdings
Withdrawn status Lost status Source of classification or shelving scheme Damaged status Not for loan Collection code Permanent location Current location Shelving location Date acquired Total Checkouts Full call number Barcode Date last seen Price effective from Koha item type
          Koleksioni i përgjithshem UBT - Lipjan UBT - Lipjan Koleksioni i përgjithshem 02/02/2018   324.70973 RON 002-2997531 02/02/2018 02/02/2018 Books
UBT Library © 2015-2024. All rights reserved University Education for Business and Technology